Selling : (Record no. 357113)
[ view plain ]
| 000 -LEADER | |
|---|---|
| fixed length control field | 00623nam a2200241Ia 4500 |
| 008 - FIXED-LENGTH DATA ELEMENTS--GENERAL INFORMATION | |
| fixed length control field | 180523s9999 xx 000 0 und d |
| 020 ## - INTERNATIONAL STANDARD BOOK NUMBER | |
| International Standard Book Number | 0-07-231550-4 |
| 050 ## - LIBRARY OF CONGRESS CALL NUMBER | |
| Classification number | MAIN HF 5438.25 |
| 050 ## - LIBRARY OF CONGRESS CALL NUMBER | |
| Item number | .W45 2001 c.2 |
| 100 ## - MAIN ENTRY--PERSONAL NAME | |
| Personal name | Weitz, Barton A. |
| 245 #0 - TITLE STATEMENT | |
| Title | Selling : |
| 245 #0 - TITLE STATEMENT | |
| Remainder of title | building partnerships / |
| 245 #0 - TITLE STATEMENT | |
| Statement of responsibility, etc | Barton A. Weitz, Stephen B. Castleberry, John F. Tanner, Jr. |
| 250 ## - EDITION STATEMENT | |
| Edition statement | 4th Edition |
| 260 ## - PUBLICATION, DISTRIBUTION, ETC. (IMPRINT) | |
| Place of publication, distribution, etc | New York : |
| 260 ## - PUBLICATION, DISTRIBUTION, ETC. (IMPRINT) | |
| Name of publisher, distributor, etc | McGraw-Hill, |
| 260 ## - PUBLICATION, DISTRIBUTION, ETC. (IMPRINT) | |
| Date of publication, distribution, etc | 2001 |
| 300 ## - PHYSICAL DESCRIPTION | |
| Extent | 630 pages : |
| 300 ## - PHYSICAL DESCRIPTION | |
| Other physical details | illustrations ; |
| 300 ## - PHYSICAL DESCRIPTION | |
| Dimensions | 24 cm. |
| 500 ## - GENERAL NOTE | |
| General note | Includes index. |
| 650 ## - SUBJECT ADDED ENTRY--TOPICAL TERM | |
| Topical term or geographic name as entry element | Selling. |
| Withdrawn status | Lost status | Damaged status | Home library | Current library | Shelving location | Date acquired | Total Checkouts | Full call number | Barcode | Date last seen | Price effective from | Koha item type |
|---|---|---|---|---|---|---|---|---|---|---|---|---|
| South Mansfield College | South Mansfield College | 03/07/2005 | MAIN HF 5438.25 .W45 2001 c.2 | SMC00601 | 05/23/2018 | 05/23/2018 |